Регионална библиотека "Любен Каравелов" - Русе

Словарь английских и американских сокращений (Запис номер 57994)

MARC детайли
000 -Лидер
Контролно поле с фиксирана дължина 01563nam a2200325 c 4500
003 - Код на организацията, давaща контролен номер
Контролно поле BLK
005 - Дата и час на последна редакция
Контролно поле 20180420222731.0
008 - Елементи от данни с фиксирана дължина
fixed length control field 180408b bul|||||r ||||||| ||bul||
010 ## - Наследен системен номер
LC control number KNG00062016000
040 ## - Източник на каталожния запис
Идентификатор на билиотеката - собственик на записа BLK
041 ## - Код за език
Код за езика на текст/звукозапис или на отделно заглавие Руски
Код за езика КДБФ Руски
080 ## - УДК
Текстов определител УДК Лексикология. Езикови речници и разговорници. Лексикография
УДК код - определител по УДК 81`374
УДК определител =111=161.1
УДК - код + определител 81`374=111=161.1
139 ## - Редно поле
Редна дума Блувштейн, Вильгельм Осипович и др.
Авторски знак Бло - Б 50
245 10 - Сведения за заглавието
Заглавие Словарь английских и американских сокращений
Подзаглавни данни 31 000 сокр.
Редно поле (дума) состав. Вильгельм Осипович Блувштейн; состав. Николай Николаевич Ершов; состав. Юрий Всеволодович Семенев.
250 ## - Област на изданието
Сведения за изданието 4. стереот. изд.
257 ## - Страна на издаване
Страна на създаване/издаване СССР
260 ## - Област на издателските данни
-- Москва
Име на издателя, разпространителя и проч. Гос. изд. иностр. и нац. словарей
Година на издаване 1958
300 ## - Физическа характеристика
Страници 768 с.
Размери/Мащаб 22 см
380 ## - Жанр
Жанр Езикознание. Филология
500 ## - Общи забележки
Забележка Библиогр.: с. 4
650 #4 - Допълнително описание по предмет – тема
Основно описание – тема или топоним Английски език - съкращения - речници
9 (RLIN) 277143
700 1# - Други автори (авторска отговорност)
Лично име Блувштейн, Вильгельм Осипович
Автороска отговорност (Описва отношението между автора и произведението) состав.
9 (RLIN) 39715
700 1# - Други автори (авторска отговорност)
Лично име Ершов, Николай Николаевич
Автороска отговорност (Описва отношението между автора и произведението) состав.
9 (RLIN) 288020
700 1# - Други автори (авторска отговорност)
Лично име Семенев, Юрий Всеволодович
Автороска отговорност (Описва отношението между автора и произведението) состав.
9 (RLIN) 119543
852 ## - Местоположение
Форматна сигнатура Цб 11624
856 4# - Електронен адрес и достъп
Електронен формат pdf - файл
Път до файла /url/
856 4# - Електронен адрес и достъп
Електронен формат pdf - файл
Път до файла /url/
942 ## - АРТИКУЛИ
Вид на библиотечния материал Книги
Скрит в OPAC Не
944 ## - СЪЗДАВАНЕ И РЕДАКЦИЯ на ЗАПИСА
Създаване/Редакция Създаване
Дата на регистрацията/редакция 13.06.2004
Служител, извършил регистрацията/редакцията Читалня
944 ## - СЪЗДАВАНЕ И РЕДАКЦИЯ на ЗАПИСА
Създаване/Редакция Редакция
Дата на регистрацията/редакция 03.11.2015
Служител, извършил регистрацията/редакцията Геновева_Генчева
999 ## - СИСТЕМНИ КОНТРОЛНИ НОМЕРА
Koha biblionumber 57994
Koha biblioitemnumber 57994
Наличности
Код за отписване Код за изгубен артикул Източник на класификационната схема Код за повреда Коз за рестрикции Код за отдаване Артикулен № Име на библиотеката - собственик Име на библиотеката, в която се намира в момента Статус (Текущо местоположение) Дата на вписване в системата Местоположение - отдел Цена в лева Инвентарен номер Систематично азбучна сигнатура Баркод Номер на екземпляра Цена в евро Служебна бележка Служебен тип на артикула
  Не е изгубен Universal Decimal Classification Не е повреден без рестрикции ползва се в читалня 94830 Регионална библиотека "Любен Каравелов" Русе Регионална библиотека "Любен Каравелов" Русе Читалня - справочен фонд 1993-01-01 Читалня 1.00 10537/58 СЧ 801.323.2=20/Б 50 900000103349 1 0.51 Дата инв: 27.03.2017 Бележки инв: СЧ2017 Книги
Vip Innovations Ltd, Rousse, Bulgaria 2025